000 00372nam a2200145Ia 4500
008 230917s9999||||xx |||||||||||||| ||und||
040 _e95328
_aMAIN
041 _aEnglish
082 _a070.10248 P115J
100 _aPachauri, Sudhish
245 0 _aJan sanchar madhyam: Bhasha aur sahitya
260 _aDelhi
_bNatraj Prakashan
_c2002
300 _a218 p.
942 _cBK
999 _c113398
_d113398